000 00479nam a2200181Ia 4500
005 20250923144342.0
008 008 250917s9999 xx 000 0 eng d
037 _aTextual
040 _aDSWL
_beng
_cDSWL
041 _aeng
_2eng
084 _aS, H9
_qDSWL
100 _aWooworth, R.S
_9823984
245 0 _aContemporary social psychology
_cby R.S Wooworth
260 _c1949
300 _a279 p.
942 _cTEXL
_hS, H9
999 _c1437789
_d1437789